000
00322nam a2200133Ia 4500
008
150201s2004 xx 000 0 und d
082
_a
617.7
_b
C04G
100
_a
GUPTA, A.C.
245
_a
CURRENT TOPICS IN OPHTHAMOLOGY-2
260
_b
ELSEVIER
_a
DELHI
_c
2004
300
_a
1-707
650
_a
ORTHOPAEDICS
942
_2
ddc
_c
BK
999
_c
586
_d
586